[Event "AUT-ch"]
[Site "Pinkafeld"]
[Date "2015.07.31"]
[Round "7"]
[White "Gutmann, Alois"]
[Black "Hiermann, Dietmar"]
[Result "0-1"]
[WhiteElo "2084"]
[BlackElo "2280"]
[PlyCount "92"]
[EventDate "2015.07.25"]
[EventType "swiss"]
[EventRounds "9"]
[EventCountry "AUT"]
[SourceTitle "CBM 167 Extra"]
[Source "ChessBase"]
[SourceDate "2015.09.14"]
[SourceVersion "1"]
[SourceVersionDate "2015.09.14"]
[SourceQuality "1"]

1. c4 e5 2. Nc3 Nc6 3. g3 f5 4. Bg2 Nf6 5. d3 g6 6. e3 Bg7 7. Nge2 0-0 8. 0-0 Ne7 9. e4 d6 10. b4 c6 11. Bb2 Be6 12. Qc2 Qc7 13. Qd2 fxe4 14. Nxe4 Nxe4 15. Bxe4 Bh3 16. Bg2 Bxg2 17. Kxg2 d5 18. Rac1 Qd7 19. Rc2 Rad8 20. Qc3 Rf7 21. Qb3 a6 22. b5 axb5 23. cxb5 Qf5 24. Ng1 e4 25. dxe4 Qxe4+ 26. f3 Qf5 27. Bxg7 Kxg7 28. a4 d4 29. Rd1 c5 30. Re2 Nd5 31. f4 Qf6 32. Re5 Ne3+ 33. Rxe3 dxe3 34. Rxd8 Qxd8 35. Qxe3 Qd4 36. Qe2 h6 37. Nf3 Qd5 38. a5 c4 39. Qe8 c3 40. Kf2 c2 41. Qc8 Qd1 42. a6 bxa6 43. Qc3+ Kh7 44. Qc4 Rd7 45. f5 c1Q 46. fxg6+ Kg7 0-1

[Event "AUT-ch"]
[Site "Pinkafeld"]
[Date "2015.07.30"]
[Round "6"]
[White "Windhager, Hannes"]
[Black "Gutmann, Alois"]
[Result "1-0"]
[WhiteElo "2138"]
[BlackElo "2084"]
[PlyCount "89"]
[EventDate "2015.07.25"]
[EventType "swiss"]
[EventRounds "9"]
[EventCountry "AUT"]
[SourceTitle "CBM 167 Extra"]
[Source "ChessBase"]
[SourceDate "2015.09.14"]
[SourceVersion "1"]
[SourceVersionDate "2015.09.14"]
[SourceQuality "1"]

1. e4 c5 2. Nf3 a6 3. c4 e6 4. Nc3 b6 5. d4 cxd4 6. Nxd4 Bb7 7. Be2 Bc5 8. Be3 Ne7 9. 0-0 0-0 10. Qd2 Nbc6 11. Rad1 Ng6 12. a3 Qc7 13. b4 Bxd4 14. Bxd4 Nxd4 15. Qxd4 Nf4 16. Qxd7 Nxe2+ 17. Nxe2 Qxd7 18. Rxd7 Bxe4 19. Nc3 Bf5 20. Na4 Rab8 21. Nb2 h6 22. Rfd1 Rfc8 23. f3 a5 24. Re7 axb4 25. axb4 Ra8 26. Rd2 Bb1 27. Rb7 Ba2 28. Rdd7 Rd8 29. Rxf7 Rd2 30. Rxg7+ Kh8 31. Rh7+ Kg8 32. Rbg7+ Kf8 33. Rd7 Kg8 34. Rxd2 Kxh7 35. Rd6 Rb8 36. Rxe6 b5 37. Re7+ Kg6 38. cxb5 Rxb5 39. Re4 Bb1 40. Rd4 Re5 41. Kf2 Bc2 42. Nc4 Rb5 43. Ne3 Bb3 44. g4 Rb8 45. Kg3 1-0

[Event "AUT-ch"]
[Site "Pinkafeld"]
[Date "2015.07.29"]
[Round "5"]
[White "Gutmann, Alois"]
[Black "Natter, Markus"]
[Result "1-0"]
[WhiteElo "2084"]
[BlackElo "2021"]
[PlyCount "61"]
[EventDate "2015.07.25"]
[EventType "swiss"]
[EventRounds "9"]
[EventCountry "AUT"]
[SourceTitle "CBM 167 Extra"]
[Source "ChessBase"]
[SourceDate "2015.09.14"]
[SourceVersion "1"]
[SourceVersionDate "2015.09.14"]
[SourceQuality "1"]

1. c4 Nf6 2. d4 Nc6 3. Nf3 e6 4. a3 d6 5. Nc3 g6 6. e4 Bg7 7. Be2 0-0 8. 0-0 Re8 9. Rb1 e5 10. d5 Nd4 11. b4 a6 12. Ne1 Nxe2+ 13. Qxe2 Nh5 14. Nd3 f5 15. f3 f4 16. c5 Bf8 17. Bd2 g5 18. Be1 Re7 19. Bf2 Bd7 20. b5 Rg7 21. b6 g4 22. bxc7 Qxc7 23. cxd6 Qxc3 24. Rfc1 gxf3 25. Qd1 Qa5 26. Bb6 Rxg2+ 27. Kh1 Qd2 28. Qxf3 Bg4 29. Qxg2 Ng3+ 30. hxg3 Qxd3 31. gxf4 1-0